Datum a čas kvízu
23.5
Celkem bodů
Celkový počet nahraných bodů na tomto kvízu bez doplňovacích otázek.
5.
Pořadí na kvízu
Konečné umístění týmu na tomto kvízu.
Zaznamenané odpovědi
| # | Otázka | Odpověď | Body | Výsledky |
|---|---|---|---|---|
| 1. | Finálový večer 26. ročníku sou... | Jiří Veselý | 0 | |
| 2. | Minulý týden byla předložena t... | na Slovensku | 0 | |
| 3. | 38letá česká herečka minulý tý... | Veronika Khek Kubařová | 1 | |
| 4. | Jedna korejská automobilka zah... | Kia; Jaromír Jágr | 0.5 | |
| 5. | Minulý týden pobavila sociální... | D) moucha (lezoucí po míčku) | 1 | |
| 6. | Brukvovitá zelenina obsahuje s... | brokolice | 0 | |
| 7. | Rostlinu, jejíž kořen je bohat... | pampeliška | 1 | |
| 8. | Nyní se ptáme na název koření,... | pepř | 1 | |
| 9. | Uveďte rodové jméno vytrvalé r... | meduňka | 1 | |
| 10. | Hřebíček je oblíbené koření vy... | C) poupě | 0 |